Washington Nationals by Picture (Hard) - Statistics

General Stats
  • This quiz has been taken 33 times
  • The average score is 8 of 12
Answer Stats
Picture Answer % Correct
Victor Robles
93%
Wilson Ramos
90%
Joe Ross
86%
Michael Morse
79%
Ildemaro Vargas
76%
Tyler Clippard
76%
Danny Espinosa
72%
Pedro Severino
55%
Dan Uggla
45%
Liván Hernández
38%
Blake Treinen
31%
Ross Detwiler
24%
No matching quizzes found
Score Distribution
Percent of People with Each Score
Percentile by Number Answered
Your Score History
You have not taken this quiz